|
|
|
|
| LEADER |
00000nab a2200000 a 4500 |
| 001 |
vtls011114831 |
| 003 |
SK-MaSNL |
| 005 |
20260303193152.0 |
| 008 |
230218|2011 xo |||||||||||||||||eng| |
| 015 |
|
|
|a SNBRB
|
| 035 |
|
|
|a (uuid)aeda665a-628f-4f74-a8f2-662533824732
|
| 035 |
|
|
|a (urnnbn)urn:nbn:sk:snk:ar-a08j9s
|
| 035 |
|
|
|a urn:nbn:sk:snk-ab9ljf
|
| 040 |
|
|
|a SNKBUCL
|b slo
|c SNKBUCL
|e AACR2
|
| 041 |
0 |
|
|a eng
|
| 044 |
|
|
|a xo
|c SK
|
| 100 |
1 |
|
|a Eyarefe, O. D.
|4 aut
|9 1224130
|
| 245 |
1 |
0 |
|a ANORECTAL MALFORMATIONS IN PIGS: A REPORT OF A STRIKING CASE IN AN EIGHT-WEEK-OLD PIGLET :
|b (A CASE REPORT)
|c O. D. Eyarefe, J. O. Abiola, C. O. Oguntoye, G. O. Ayoade
|
| 700 |
1 |
|
|a Abiola, J. O.
|4 aut
|9 1224131
|
| 700 |
1 |
|
|a Oguntoye, C. O.
|4 aut
|9 1224132
|
| 700 |
1 |
|
|a Ayoade, G. O.
|4 aut
|9 1224133
|
| 773 |
0 |
|
|t Folia veterinaria
|g Roč. 55, č. 3 (2011), s. 61-63
|
| 958 |
|
|
|a OND
|
| 958 |
|
|
|a EUIPO
|
| 958 |
|
|
|a article13
|
| 999 |
|
|
|c 2150821
|d 2152751
|